| 000 | 00850nam a2200229 a 4500 | ||
|---|---|---|---|
| 001 | BRCA_4892 | ||
| 005 | 20190320204840.0 | ||
| 008 | 971120s1996 mx-a#####c---#000-0#spa-# | ||
| 020 | _a9683653995 | ||
| 041 | _aspa | ||
| 044 | _amx | ||
| 050 | 4 |
_aZ8158 _b.Q55 1996 |
|
| 245 | 1 | 0 |
_aLos Quijotes de la Biblioteca Nacional de México _bexposición bibliográfica : catálogo. |
| 260 |
_aMéxico _bUNAM, Instituto de Investigaciones Bibliográficas, Biblioteca y Hemeroteca Nacionales _c1996 |
||
| 300 |
_a63 p. _bil. _c27 cm. |
||
| 504 | _aIncluye referencias bibliográficas | ||
| 600 | 1 | 4 |
_aCervantes Saavedra, Miguel de _d1547-1616 _tDon Quixote _xBibliografía _912397 |
| 610 | 2 | 4 |
_aBiblioteca Nacional de México _vExposiciones _912398 |
| 710 | 2 |
_aBiblioteca y Hemeroteca Nacionales (Ciudad de México) _912399 |
|
| 902 | _aCERV | ||
| 942 |
_2lcc _cB |
||
| 999 |
_c4586 _d4586 |
||